[Event "Manizales op 27th"]
[Site "Manizales"]
[Date "2022.01.08"]
[Round "4"]
[White "Cardona, Juan Felipe"]
[Black "Machado Herrera, Carlos Enrique"]
[Result "1/2-1/2"]
[WhiteElo "1612"]
[BlackElo "1542"]
[PlyCount "83"]
[EventDate "2022.01.06"]
[EventType "swiss"]
[EventRounds "8"]
[EventCountry "COL"]
[SourceTitle "CBM 206 Extra"]
[Source "ChessBase"]
[SourceDate "2022.03.31"]
[SourceVersion "1"]
[SourceVersionDate "2022.03.31"]
[SourceQuality "1"]

1. e4 c5 2. Nf3 Nc6 3. d4 cxd4 4. Nxd4 Nf6 5. Nc3 d6 6. Bg5 e6 7. Qd2 Be7 8. 0-0-0 d5 9. exd5 exd5 10. Bb5 Bd7 11. Nf3 0-0 12. Bxf6 Bxf6 13. Nxd5 Be6 14. Nxf6+ Qxf6 15. Kb1 Rad8 16. Qc3 Qxc3 17. bxc3 Rd5 18. Rxd5 Bxd5 19. Bxc6 Bxc6 20. Re1 g6 21. Re3 Rd8 22. Kc1 Kg7 23. g3 Bxf3 24. Rxf3 Rd5 25. c4 Rc5 26. Rf4 g5 27. Rd4 Rf5 28. Rd5 Kg6 29. Rxf5 Kxf5 30. h3 Ke4 31. Kd2 Kf3 32. Ke1 Ke4 33. Ke2 h5 34. c3 g4 35. hxg4 hxg4 36. Kd2 b6 37. Ke2 a6 38. Kd2 a5 39. a4 f6 40. Ke2 f5 41. Kd2 Kf3 42. Ke1 1/2-1/2